=LDR 00000nam 2200000 4500 =001 INLIS000000000049770 =005 20170329085814.0 =006 =007 =008 =020 ##$$a 978-602-9434-50-7 =035 ##$$0010-031700000000215 =040 ##$$a NBPDMAT =082 ##$$a 371.9 =090 ##$$a 371.9 Sri m =100 ##$$a Sri Sundari =245 ##$$a Mengenalkan lingkungan sosial bagi ABK $c Sri Sundari ; editor Qoni =260 ##$$a Yogyakarta $b Familia $c 2014 =300 ##$$a 72 hlm. $b ilus $c 19 cm. =500 ##$$a Bibliografi : hlm. 71 - 72 =650 ##$$a Pendidikan Luar Biasa - IPS ( Studi dan Pengajaran ) =700 ##$$a Qoni =850 ##$$a NBPDMAT